000 00873nam a2200265 a 4500
001 C01445330c-3
003 CO-ViMGA
005 20230915234238.0
008 140808s2014 sp gr 00010 spa d
020 _a9788415979098
040 _aCO-ViMGA
_bspa
_cCO-ViMGA
041 1 _hger
082 0 4 _a833.91
_bL35b1
_221
100 1 _aLenz, Siegfried,
_d1926-2014.
_96445
245 1 3 _aEl barco faro y otros relatos /
_cSiegfried Lenz ; traducción del alemán a cargo de Belén Santana.
260 _aMadrid :
_bEditorial Impedimenta,
_c2014.
300 _a283 páginas ;
_c20 cm.
534 _pTítulo original :
_tDas feuerschiff.
650 1 4 _aCuentos alemanes.
_92999
650 1 4 _aDictadura
_v Cuentos.
_96446
650 1 4 _aGuerra
_v Cuentos.
_96205
650 1 4 _aMédicos
_v Cuentos.
_96447
700 1 _aSantana, Belén,
_etraductora.
_96448
942 _2ddc
_cBK
999 _c37525
_d37525